Statistics for My Immortal Lyrics

Click here to take the quiz!

General Stats

  • This quiz has been taken 2,195 times
  • The average score is 118 of 153

Answer Stats

Lyrics % Correct
I
99%
I
99%
You
95%
You
95%
You
95%
You
95%
You
95%
You
95%
My
92%
My
92%
Me
91%
Me
91%
Of
91%
Of
91%
I'm
91%
Of
91%
Me
91%
Of
91%
Me
91%
The
91%
I'm
91%
Of
91%
Me
91%
The
91%
All
90%
All
90%
Your
90%
All
90%
To
90%
Your
90%
All
90%
To
90%
Your
90%
Your
90%
All
90%
All
90%
To
90%
Your
90%
Your
90%
Your
90%
To
90%
All
90%
So
89%
So
89%
And
87%
And
87%
And
87%
And
87%
Fears
85%
Here
85%
Fears
85%
That
85%
Here
85%
That
85%
That
85%
Just
84%
Have
84%
Have
84%
Tears
84%
Still
84%
Still
84%
Just
84%
Just
84%
Still
84%
Away
83%
Away
83%
Can
83%
Away
83%
Tired
83%
Alone
82%
Is
82%
Leave
82%
These
82%
Leave
82%
Leave
82%
Alone
82%
These
82%
Being
81%
This
80%
Not
80%
Time
80%
When
80%
Too
80%
When
80%
Wipe
80%
Too
80%
It
79%
It
79%
By
79%
Won't
79%
Won't
79%
By
79%
By
79%
It
79%
Pain
79%
Real
79%
Heal
78%
If
78%
Years
77%
Seem
77%
Scream
77%
Childish
77%
Erase
76%
Wounds
76%
Cried
76%
Wish
75%
But
75%
But
75%
Hand
75%
Through
74%
Held
74%
Would
74%
Fight
74%
I'd
73%
I'd
73%
Much
73%
Lingers
71%
Presence
70%
There's
69%
You'd
67%
With
62%
You're
61%
You're
61%
Gone
60%
In
59%
Hard
56%
I've
56%
Tried
56%
Myself
56%
Tell
56%
I've
56%
'Cause
55%
Left
54%
Suppressed
54%
Been
54%
Used
53%
Behind
53%
Though
52%
Life
52%
Now
52%
Captivate
52%
Dreams
50%
Face
49%
Voice
48%
Along
47%
Sanity
47%
Light
46%
Haunts
45%
Bound
44%
Once
44%
Chased
42%
Resonating
42%
Pleasant
41%

Score Distribution

Percentile by Number Answered

Percent of People with Each Score

Your Score History

You have not taken this quiz